000 00791nam a2200229Ia 4500
001 16872
003 GE_BSU
008 181216s||||||||xx |||||||||||||| ||und||
040 _cGE_BSU
080 _a371.12.011.31-051(479.22)
100 _aურჯუმელაშვილი, ვანო
245 _aნადია გელდიაშვილი
245 _bნარკვევი პედაგოგის შესახებ
260 _aთბილისი
260 _bგანათლება
260 _c1970
300 _a21გვ. ; 18სმ.
653 _aნადია გელდიაშვილი
653 _aპედაგოგიკა
653 _aქართველი მასწავლებლები
942 _cBK
999 _c49936
_d49936